Teora̕s neoconstitucionalistas

Bibliographic Details
Main Author: Vz̀quez Sǹchez, Omar
Format: eBook
Language:Spanish
Published: Lima: Palestra Editores, 2020
Subjects:
Online Access:Acceso restringido

MARC

LEADER 00000nam a22000007a 4500
005 20220819233327.0
007 cr|||| |||
008 220819s2020 pe |||||s|||| 00||0aspa d
020 |a 9786123251352 
035 |a 36904 
040 |a vLex 
090 |c 13764  |d 13764 
100 1 |a Vz̀quez Sǹchez, Omar 
245 1 0 |a Teora̕s neoconstitucionalistas  |h [Recurso electrn̤ico] /  |c Omar Vz̀quez Sǹchez 
256 |a Servicio en ln̕ea 
260 |a Lima:  |b Palestra Editores,  |c 2020 
300 |a 1 recurso electrn̤ico 
500 |a En la cultura jurd̕ica del mundo latino, la expresin̤ “neoconstitucionalismo” ha sido muy exitosa, pero tambiň muy polm̌ica, incluso desde su creacin̤ en los despachos del entonces Dipartimento Giovanni Tarello de la Universidad de Gňova. Este libro puede concebirse como una gua̕ para orientarnos en todos estos debates. Particularmente, el autor de esta obra analiza las distintas versiones del neoconstitucionalismo ter̤ico. As,̕ en un dil̀ogo con Luigi Ferrajoli, Luis Prieto Sanchs̕, los miembros de la denominada scuola genovesa, Alfonso Garca̕ Figueroa, entre otros, da cuenta de las dos versiones ms̀ difundidas de la teora̕ neoconstitucionalista: por un lado, el constitucionalismo garantista y, por otro, el constitucionalismo principialista. Sin embargo, considerando las ideas de Jos ̌Juan Moreso, el autor afirma que entre esas dos teora̕s, hay una tercera postura (el constitucionalismo incorporacionista), que, por decirlo de un modo, se halla a mitad de camino entre las dos teora̕s neoconstitucionalistas referidas. En este contexto, si bien de manera particular se intenta mostrar la importancia de estas discusiones tanto para la teora̕ como para la prc̀tica de la adjudicacin̤ constitucional mexicana, en realidad, dado que la influencia del fenm̤eno neoconstitucionalista es evidente en otros pas̕es del mundo latino, se pretende que esta obra tambiň resulte interesante en estos otros contextos. 
506 1 |a Disponible solo en los productos indicados  |d vLex Global  |d vLex Global (Academic Edition, excluding Law Schools)  |d vLex Global (U.S. Academic Edition, Law Schools)  |d vLex Global (U.S. Academic Edition, excluding Law Schools)  |d vLex Global (Academic Edition, Law Schools) 
650 0 4 |a Derecho Militar  |z Per︢ 
650 0 4 |a Filosofa̕ y religin̤  |z Per︢ 
740 0 |a vLex Libros (Servicio en ln̕ea) 
856 4 0 |u https://app.vlex.com/#/sources/36904  |z Acceso restringido 
942 |c BOOK 
999 0 |a Military Law 
999 0 |a Philosophy and religion